000 00808nab a2200253 u 4500
001 13097
003 HDC
007 cr bn ---aaaaa
008 210212c my dr|nes 0 eng d
040 _aHDC
100 _aTey, Kelly,
_eauthor
_911578
245 0 _aAcquisitions fuel growth /
_cby Kelly Tey
260 _a[no place] :
_b[publisher not identified],
_c[no year]
336 _atext
_2rdacontent
337 _acomputer
_2rdamedia
338 _aonline resource
_2rdacarrier
650 _aBusiness
_9207
650 _aSkincare
_96146
710 _aThe Star Online
856 _zRequest full-text at [email protected]
942 _2lcc
942 _cNEWS
942 _kNWSO 002798
999 _c10413
_d10413